[Event "Wch U16"]
[White "Ong, Wah Peng John"]
[Black "Kannemeyer, Werner"]
[Site "Vung Tau"]
[Round "10"]
[Result "1-0"]
[Date "2008.10.29"]
[WhiteElo "1766"]
[BlackElo "1896"]
[PlyCount "123"]
[EventDate "2008.10.20"]
[EventType "swiss"]
[EventRounds "11"]
[EventCountry "VIE"]
[SourceTitle "EXT 2009"]
[Source "ChessBase"]
[SourceDate "2008.11.26"]
[SourceVersion "1"]
[SourceVersionDate "2008.11.26"]
[SourceQuality "1"]

1. e4 e6 2. d4 d5 3. Nc3 c6 4. Nf3 f5 5. exf5 exf5 6. Bf4 Nf6 7. Ne5 Bd6 8. Nd3 0-0 9. Bxd6 Qxd6 10. Be2 f4 11. f3 Be6 12. Qd2 Nfd7 13. Bd1 c5 14. Ne2 g5 15. h4 c4 16. Nf2 h6 17. hxg5 hxg5 18. c3 Bf5 19. Bc2 Qg6 20. Bxf5 Qxf5 21. 0-0-0 Nc6 22. g3 fxg3 23. Rdg1 Kf7 24. Rxg3 Rh8 25. Rhg1 Rag8 26. Rxg5 Rxg5 27. Rxg5 Qxf3 28. Qf4+ Qxf4+ 29. Nxf4 Rh2 30. Ng4 Rh1+ 31. Kd2 Ne7 32. Nxd5 Nxd5 33. Rxd5 Ke6 34. Rb5 Nb6 35. Re5+ Kd6 36. Re2 Ra1 37. a3 Na4 38. Ne3 Nxb2 39. Kc2 Na4 40. Nxc4+ Kd5 41. Ne3+ Kc6 42. Kb3 b5 43. Nc4 Rb1+ 44. Nb2 Kd6 45. Rc2 Nb6 46. Ka2 Rf1 47. Rg2 Rc1 48. Rg6+ Kd5 49. Kb3 Ke4 50. Re6+ Kf3 51. Re5 a6 52. a4 bxa4+ 53. Nxa4 Nxa4 54. Kxa4 Rxc3 55. Kb4 Rc7 56. d5 Kf4 57. Re1 a5+ 58. Kb5 Rc3 59. Rd1 Ke5 60. d6 Ke6 61. d7 Rb3+ 62. Ka6 1-0

[Event "Wch U16"]
[White "Ong, Wah Peng John"]
[Black "Nuri, Kambez"]
[Site "Vung Tau"]
[Round "5"]
[Result "1/2-1/2"]
[Date "2008.10.23"]
[WhiteElo "1766"]
[BlackElo "2179"]
[PlyCount "92"]
[EventDate "2008.10.20"]
[EventType "swiss"]
[EventRounds "11"]
[EventCountry "VIE"]
[SourceTitle "EXT 2009"]
[Source "ChessBase"]
[SourceDate "2008.11.26"]
[SourceVersion "1"]
[SourceVersionDate "2008.11.26"]
[SourceQuality "1"]

1. e4 e5 2. Nf3 Nc6 3. Bb5 f5 4. Nc3 fxe4 5. Nxe4 d5 6. Ng3 Bg4 7. h3 Bxf3 8. Qxf3 Nf6 9. d3 Bd6 10. 0-0 0-0 11. c3 Ne7 12. Be3 c6 13. Ba4 Qc7 14. Bc2 Rae8 15. Qd1 Ng6 16. Nf5 b6 17. Nxd6 Qxd6 18. d4 e4 19. g3 Nd7 20. Qg4 Rf7 21. Bd1 Ref8 22. h4 Nf6 23. Qf5 Ne8 24. Qh3 Ne7 25. Bg4 Nf5 26. Bf4 Qe7 27. Rae1 Nxh4 28. Kh2 g5 29. Bxg5 Nf3+ 30. Bxf3 Qxg5 31. Bg2 Rf6 32. Kg1 Rh6 33. Qd7 Qh5 34. f4 exf3 35. Rxf3 Rxf3 36. Bxf3 Qh2+ 37. Kf1 Nf6 38. Qd8+ Kg7 39. Qc7+ Kg6 40. Re7 Qh3+ 41. Ke1 Rh4 42. Rg7+ Kh6 43. gxh4 Qxf3 44. Qg3 Qh1+ 45. Ke2 Qe4+ 46. Kd1 Qb1+ 1/2-1/2

[Event "Wch U16"]
[White "Rojas Alarcon, Julian Antonio"]
[Black "Ong, Wah Peng John"]
[Site "Vung Tau"]
[Round "3"]
[Result "1-0"]
[Date "2008.10.22"]
[WhiteElo "2187"]
[BlackElo "1766"]
[PlyCount "103"]
[EventDate "2008.10.20"]
[EventType "swiss"]
[EventRounds "11"]
[EventCountry "VIE"]
[SourceTitle "EXT 2009"]
[Source "ChessBase"]
[SourceDate "2008.11.26"]
[SourceVersion "1"]
[SourceVersionDate "2008.11.26"]
[SourceQuality "1"]

1. c4 c5 2. Nf3 Nf6 3. Nc3 d6 4. d4 cxd4 5. Nxd4 e6 6. g3 a6 7. Bg2 Qc7 8. Qd3 Nbd7 9. b3 Ne5 10. Qd2 Bd7 11. Bb2 Rb8 12. Rc1 Qb6 13. 0-0 Be7 14. Rfd1 0-0 15. h3 Rfd8 16. e4 Kh8 17. Kh1 Qa5 18. a4 h6 19. f4 Nc6 20. Ba3 Bf8 21. Qe2 Nxd4 22. Rxd4 e5 23. Rd3 b5 24. Bxd6 Bxd6 25. Rxd6 bxa4 26. bxa4 Rdc8 27. Nd5 Be6 28. Nxf6 gxf6 29. Qh5 Kg7 30. f5 Bxc4 31. Qg4+ Kf8 32. Qh4 Be6 33. Rcd1 Bb3 34. Qxh6+ Kg8 35. Rg1 Rb6 36. Rxf6 Rxf6 37. Qxf6 Bxa4 38. Qg5+ Kf8 39. f6 Bb3 40. h4 Rd8 41. Bh3 Qb4 42. Bf5 Bd1 43. Kh2 Qd2+ 44. Rg2 Qxg5 45. hxg5 a5 46. Rb2 a4 47. Rb7 Ra8 48. g6 Bb3 49. g7+ Kg8 50. g4 a3 51. Rxb3 Rd8 52. Rh3 1-0